000 00222nam a22000857a 4500
008 170601b xxu||||| |||| 00| 0 eng d
100 _93215
_aShastri. C
245 _aWhen the Vindhyas Broved
260 _aNew Delhi
_bDevamala
_c2001
999 _c6528
_d6528